<?xml version="1.0" encoding="UTF-8"?>
<collection xmlns:xsi="http://www.w3.org/2001/XMLSchema-instance" xsi:schemaLocation="http://www.loc.gov/MARC21/slim http://www.loc.gov/standards/marcxml/schema/MARC21slim.xsd" xmlns="http://www.loc.gov/MARC21/slim">
 <record>
  <leader>00000cam a22000003i 4500</leader>
  <controlfield tag="001">UP-1685594773861772614</controlfield>
  <controlfield tag="003">Buklod</controlfield>
  <controlfield tag="005">20100628112330.0</controlfield>
  <controlfield tag="006">a     r    |||| u|</controlfield>
  <controlfield tag="007">ta</controlfield>
  <controlfield tag="008">160223s2009    nyuab   rb   |||| u|eng d</controlfield>
  <datafield tag="020" ind1=" " ind2=" ">
   <subfield code="a">9780073405353</subfield>
  </datafield>
  <datafield tag="020" ind1=" " ind2=" ">
   <subfield code="a">0073405353</subfield>
  </datafield>
  <datafield tag="035" ind1=" " ind2=" ">
   <subfield code="a">(iLib)UPBAG-00007614777</subfield>
  </datafield>
  <datafield tag="037" ind1=" " ind2=" ">
   <subfield code="a">BC-58796</subfield>
   <subfield code="c">Php4,726.00</subfield>
  </datafield>
  <datafield tag="040" ind1=" " ind2=" ">
   <subfield code="a">DLC</subfield>
   <subfield code="d">BAG</subfield>
   <subfield code="e">rda</subfield>
  </datafield>
  <datafield tag="041" ind1="0" ind2=" ">
   <subfield code="a">eng</subfield>
  </datafield>
  <datafield tag="090" ind1=" " ind2="0">
   <subfield code="a">GN 397.5</subfield>
   <subfield code="b">A69 2009</subfield>
  </datafield>
  <datafield tag="245" ind1="0" ind2="0">
   <subfield code="a">Applying anthropology</subfield>
   <subfield code="b">an introductory reader</subfield>
   <subfield code="c">[edited by] Aaron Podolefsky, Peter J. Brown, Scott M. Lacy.</subfield>
  </datafield>
  <datafield tag="250" ind1=" " ind2=" ">
   <subfield code="a">9th ed.</subfield>
  </datafield>
  <datafield tag="264" ind1=" " ind2="1">
   <subfield code="a">New York</subfield>
   <subfield code="b">McGraw-Hill Higher Education</subfield>
   <subfield code="c">©2009.</subfield>
  </datafield>
  <datafield tag="300" ind1=" " ind2=" ">
   <subfield code="a">xix, 340 pages</subfield>
   <subfield code="b">illustrations, maps</subfield>
   <subfield code="c">28 cm</subfield>
  </datafield>
  <datafield tag="504" ind1=" " ind2=" ">
   <subfield code="a">Includes bibliographical references and index.</subfield>
  </datafield>
  <datafield tag="505" ind1="0" ind2=" ">
   <subfield code="a">1: Biological anthropology -- Teaching theories: the evolution-creation controversy -- Re-reading Root-Bernstein and McEachron in Cobb County, Georgia: a year past and present -- The human family tree has become a bush with many branches -- What are friends for? -- Mothers and others -- Great mysteries of human evolution -- Ancient bodies, modern customs, and our health -- Slumber's unexplored landscape -- Ancient genes and modern health -- The tall and the short of it -- Identifying victims after a disaster -- 2: Archaeology -- Battle of the bones -- The worst mistake in the history of the human race -- Uncovering America's pyramid builders -- New women of the Ice Age -- Disease and death as Dr. Dickson's mounds -- The secrets of ancient Tiwanaku are benefiting today's Bolivia -- &quot;Clean your plate. There are people starving in Africa!&quot;: the application of archaeology and ethnography in America's food loss issues -- Dawn of a new Stone Age in eye surgery -- The challenge of race in American historical archaeology -- 3: Linguistic anthropology -- From heofonum to heavens -- Village of the deaf: in a Bedouin Town, a language is born -- &quot;To give up on words&quot;: silence in Western Apache culture -- A cultural approach to male-female miscommunication -- 4: Cultural anthropology -- Culture and fieldwork: Body ritual among the Nacirema -- Race without color -- Shakespeare in the bush -- Eating Christmas in the Kalahari -- Family &amp; kinship: How many fathers are best for a child? -- When brothers share a wife -- Our babies, ourselves -- Gender and sexuality: &quot;Strange country this&quot;: an introduction to North American gender diversity -- Tricking and tripping: fieldwork on prostitution in the era of AIDS -- Law, custom, and crimes against women: the problem of Dowry death in India -- Health, medicine, and culture: Culture and the evolution of obesity -- Pocahontas goes to the clinic: popular culture as Lingua Franca in a cultural borderland -- Culture, poverty, and HIV transmission: the case of rural Haiti -- Circumcision, pluralism, and dilemmas of cultural relativism -- Work and business: Conflict and confluence in advertising meetings -- Coming of age in Palo Alto -- Just another job?: the commodification of domestic labor -- Conflict, law, and culture: The Kpelle Moot -- Contemporary warfare in the New Guinea highlands -- Army enlists anthropology in war zones -- Globalization and culture change: Do Muslim women really need saving?: anthropolioogical reflections on cultural relativism and its others -- Cell phones, sharing, and social status in an African society -- The price of progress -- Moral fibers of farmer cooperatives: creating poverty and wealth with cotton in southern Mali.</subfield>
  </datafield>
  <datafield tag="650" ind1=" " ind2="0">
   <subfield code="a">Applied anthropology.</subfield>
  </datafield>
  <datafield tag="650" ind1=" " ind2="0">
   <subfield code="a">Anthropology.</subfield>
  </datafield>
  <datafield tag="700" ind1="1" ind2=" ">
   <subfield code="a">Podolefsky, Aaron</subfield>
   <subfield code="e">editor.</subfield>
  </datafield>
  <datafield tag="700" ind1="1" ind2=" ">
   <subfield code="a">Brown, Peter J.</subfield>
   <subfield code="e">editor.</subfield>
  </datafield>
  <datafield tag="700" ind1="1" ind2=" ">
   <subfield code="a">Lacy, Scott M.</subfield>
   <subfield code="e">editor.</subfield>
  </datafield>
  <datafield tag="905" ind1=" " ind2=" ">
   <subfield code="a">FO</subfield>
  </datafield>
  <datafield tag="852" ind1="0" ind2=" ">
   <subfield code="a">UPBAG</subfield>
   <subfield code="b">UPBAG-MAIN</subfield>
   <subfield code="h">GN 397.5 A69 2009</subfield>
  </datafield>
  <datafield tag="942" ind1=" " ind2=" ">
   <subfield code="a">Book</subfield>
  </datafield>
 </record>
</collection>
